The engineering of foundations Int'l. ed. (Record no. 6328)

MARC details
000 -LEADER
fixed length control field 00679nam a22002177a 4500
003 - CONTROL NUMBER IDENTIFIER
control field OSt
005 - DATE AND TIME OF LATEST TRANSACTION
control field 20251125170512.0
008 - FIXED-LENGTH DATA ELEMENTS--GENERAL INFORMATION
fixed length control field 251125b |||||||| |||| 00| 0 eng d
020 ## - INTERNATIONAL STANDARD BOOK NUMBER
International Standard Book Number 978-007-125940-8.
040 ## - CATALOGING SOURCE
Original cataloging agency DWCL-Main lib
Transcribing agency OC
082 ## - DEWEY DECIMAL CLASSIFICATION NUMBER
Edition number International ed.
Classification number GR. 624.15 S164e 2008
100 ## - MAIN ENTRY--PERSONAL NAME
Personal name Salgado, Rodrigo
245 ## - TITLE STATEMENT
Title The engineering of foundations Int'l. ed.
Statement of responsibility, etc. Salgado, Rodrigo
260 ## - PUBLICATION, DISTRIBUTION, ETC.
Place of publication, distribution, etc. Singapore :
Name of publisher, distributor, etc. McGraw-Hill Education (Asia),
Date of publication, distribution, etc. c2008.
300 ## - PHYSICAL DESCRIPTION
Extent xiii, 882 pages :
Other physical details illustration ;
Dimensions 23 cm.
504 ## - BIBLIOGRAPHY, ETC. NOTE
Bibliography, etc. note Includes index.
650 ## - SUBJECT ADDED ENTRY--TOPICAL TERM
Source of heading or term 1. Building.
650 ## - SUBJECT ADDED ENTRY--TOPICAL TERM
Source of heading or term 2. Foundations.
650 ## - SUBJECT ADDED ENTRY--TOPICAL TERM
Source of heading or term 3. Structural engineering.
942 ## - ADDED ENTRY ELEMENTS (KOHA)
Source of classification or shelving scheme Dewey Decimal Classification
Koha item type General Reference
Call number prefix GR.
Suppress in OPAC No
952 ## - LOCATION AND ITEM INFORMATION (KOHA)
--
Holdings
Withdrawn status Lost status Source of classification or shelving scheme Damaged status Not for loan Home library Current library Shelving location Date acquired Source of acquisition Total Checkouts Full call number Barcode Date last seen Copy number Price effective from Koha item type Uniform Resource Identifier
    Dewey Decimal Classification     College Library College Library General Reference 06/23/2008 School Fund   GR. 624.15 S164e 2008 CL45896 11/25/2025 c1 11/25/2025 GR